01308nam a2200277Ia 450000500170000000800410001702000180005804000180007604100080009408200210010210000270012324500560015025000120020626000710021830000250028965000350031465000310034965000280038065000380040865000300044694200310047699900190050795201680052695201680069495201680086220241016102815.0210716s2008 xx 000 0 und d a9788189866822 cAIMIT LIBRARY aeng a005.73 21bMUNV aMuniswamy, V V.944201 aData structures through java /cBy V. V. Munuswamy. a1st ed. aNew Delhi :bI K International Publishing House Pvt Ltd. ,c2008 . axiv, 394p. ;c24 cm. aPackages and interfaces944202 aException handling9182476 aMulti threading9182477 aHeaps and priority queues9182478 aHashing and graphs944203 2ddccBKe1st k005.73 MUNV c188521d188521 00102ddc40708MCAaAIMITbAIMITeKnowledge Worldg325.00iBill no:392; Bill dt:2008-03-18l0o005.73 MUNVpMCA08029r2026-05-23 00:00:00v260.00w2021-07-16yBK 00102ddc40708MCAaAIMITbAIMITeKnowledge Worldg325.00iBill no:392; Bill dt:2008-03-18l0o005.73 MUNVpMCA08043r2026-05-23 00:00:00v260.00w2021-07-16yBK 00102ddc40708MCAaAIMITbAIMITeKnowledge Worldg345.00iBill no:173; Bill dt:2014-07-12l0o005.73 MUNVpMCA13644r2026-05-23 00:00:00v258.75w2021-07-16yBK